[Event "Reto (DeepJunior1, 90'+10\"/100+30') "]
[Site "?"]
[Date "2009.12.31"]
[Round "?"]
[White "Diaz, Sergio"]
[Black "Cabrera, Marcelo Dario"]
[Result "1/2-1/2"]
[WhiteElo "2472"]
[BlackElo "2267"]
[PlyCount "176"]

1. e4 c5 2. Nf3 e6 3. d4 cxd4 4. Nxd4 a6 5. Bd3 Nf6 6. O-O Qc7 7. Qe2 d6 8. c4
Be7 9. Nc3 Nc6 10. Nxc6 bxc6 11. f4 Nd7 12. Be3 Rb8 13. Rad1 O-O 14. Rf3 g6 15.
g4 Bf6 16. Qd2 Bb7 17. g5 Bg7 18. Bf1 d5 19. Rf2 Rfe8 20. cxd5 cxd5 21. exd5
exd5 22. Nxd5 Bxd5 23. Qxd5 Rxe3 24. Qxd7 Qc5 25. Qd6 {[%eval 15,17] [%emt 0:
01:43]} Qxd6 {[%eval 32,19] [%emt 0:01:39]} 26. Rxd6 {[%eval 18,20] [%emt 0:01:
05]} Bxb2 {[%eval 29,21] [%emt 0:02:09]} 27. f5 {[%eval -1,20] [%emt 0:00:59] 
(Rg2)} Be5 {[%eval 29,18] [%emt 0:06:21] (Aa3)} 28. Rd5 {[%eval 12,18] [%emt 0:
01:09]} Re4 {[%eval 29,19] [%emt 0:02:10]} 29. Bd3 {[%eval 11,18] [%emt 0:01:
37] (Rg2)} Rg4+ {[%eval 16,18] [%emt 0:00:55]} 30. Rg2 {[%eval 7,19] [%emt 0:
04:36]} Bd4+ {[%eval 19,19] [%emt 0:02:07]} 31. Kf1 {[%eval -1,20] [%emt 0:02:
00] (Rh1)} Rf4+ {[%eval 10,20] [%emt 0:03:28] (Th4)} 32. Ke1 {[%eval 0,21] 
[%emt 0:07:38]} Bc3+ {[%eval 0,21] [%emt 0:13:36] (Rg7)} 33. Kd1 {[%eval -8,22]
[%emt 0:10:29]} a5 {[%eval 22,20] [%emt 0:02:35]} 34. h3 {[%eval 3,17] [%emt 0:
00:53]} Rf3 {[%eval 1,19] [%emt 0:02:19] (gxf5)} 35. Rc2 {[%eval -16,18] [%emt
0:01:11]} Bb4 {[%eval 1,18] [%emt 0:01:37]} 36. Rh2 {[%eval 0,18] [%emt 0:03:
20]} gxf5 {[%eval -5,18] [%emt 0:00:37]} 37. Bxf5 {[%eval 0,18] [%emt 0:01:17]}
Re8 {[%eval 0,18] [%emt 0:00:47]} 38. Kc2 {[%eval -16,18] [%emt 0:01:01]} Re7 {
[%eval -5,18] [%emt 0:01:28]} 39. Rb5 {[%eval -25,17] [%emt 0:01:21] (Ag4)}
Rc7+ {[%eval -15,17] [%emt 0:00:43]} 40. Kb1 {[%eval -30,18] [%emt 0:00:55]}
Bc5 {[%eval -10,17] [%emt 0:01:08] (Rg7)} 41. Bc2 {[%eval -40,17] [%emt 0:01:
25]} Rf1+ {[%eval -25,17] [%emt 0:02:05] (Rg7)} 42. Kb2 {[%eval -25,18] [%emt
0:01:22]} Bg1 {[%eval -4,17] [%emt 0:05:45]} 43. Re2 {[%eval -13,18] [%emt 0:
03:38] (Tg2)} Bd4+ {[%eval 6,18] [%emt 0:03:11]} 44. Ka3 {[%eval 0,19] [%emt 0:
04:01]} Rf3+ {[%eval 0,19] [%emt 0:08:49]} 45. Rb3 {[%eval -19,20] [%emt 0:08:
21]} Bc3 {[%eval 11,18] [%emt 0:01:00]} 46. h4 {[%eval -19,17] [%emt 0:01:03]}
Kg7 {[%eval -9,17] [%emt 0:01:35]} 47. Re4 {[%eval -12,18] [%emt 0:01:30] (h5)}
Rf2 {[%eval 6,19] [%emt 0:01:05]} 48. Bb1 {[%eval -14,19] [%emt 0:01:03]} h6 {
[%eval 9,19] [%emt 0:01:31]} 49. Ka4 {[%eval -13,19] [%emt 0:01:29]} hxg5 {
[%eval 0,18] [%emt 0:00:44]} 50. hxg5 {[%eval -16,18] [%emt 0:00:25]} Rg2 {
[%eval -1,19] [%emt 0:00:45]} 51. Rb5 {[%eval 0,19] [%emt 0:00:33]} Bd2 {
[%eval -1,19] [%emt 0:00:45]} 52. Rd4 {[%eval 0,19] [%emt 0:00:43]} Be3 {
[%eval -1,18] [%emt 0:02:15]} 53. Rh4 {[%eval 0,18] [%emt 0:01:13]} Bxg5 {
[%eval 11,17] [%emt 0:00:39] (Txg5)} 54. Rh7+ {[%eval 0,17] [%emt 0:01:18]} Kf6
{[%eval 0,18] [%emt 0:01:16]} 55. Kxa5 {[%eval 0,18] [%emt 0:02:48]} Be3 {
[%eval 0,17] [%emt 0:00:28] (Ta7+)} 56. Rhh5 {[%eval -14,15] [%emt 0:00:32]}
Ra7+ {[%eval 3,15] [%emt 0:01:04]} 57. Kb4 {[%eval -27,3] [%emt 0:00:00]} Rg4+
{[%eval 0,15] [%emt 0:00:29]} 58. Kc3 {[%eval -12,16] [%emt 0:00:39] (Rb3)}
Rc7+ {[%eval 2,16] [%emt 0:02:20] (Ta3+)} 59. Kd3 {[%eval -10,17] [%emt 0:04:
03]} Bc1 {[%eval 6,16] [%emt 0:00:26] (Ad4)} 60. Rhf5+ {[%eval -8,16] [%emt 0:
03:16]} Kg6 {[%eval 9,17] [%emt 0:02:16] (Re7)} 61. Ke2 {[%eval -4,17] [%emt 0:
00:29]} Kg7 {[%eval 10,17] [%emt 0:00:17]} 62. Rbc5 {[%eval -4,17] [%emt 0:00:
50]} Rxc5 {[%eval 9,17] [%emt 0:00:31] (Te7+)} 63. Rxc5 {[%eval -2,18] [%emt 0:
00:41]} Ba3 {[%eval 12,19] [%emt 0:01:40]} 64. Rf5 {[%eval -2,19] [%emt 0:00:
33] (Ta5)} Rb4 {[%eval 11,19] [%emt 0:00:43] (Tg2+)} 65. Rf1 {[%eval -3,19] 
[%emt 0:00:37] (Ad3)} Rh4 {[%eval 13,18] [%emt 0:00:22] (Tb2+)} 66. Rf3 {
[%eval -3,18] [%emt 0:00:23]} Bc1 {[%eval 0,18] [%emt 0:00:25] (Ta4)} 67. Bc2 {
[%eval 2,19] [%emt 0:00:21]} Rh2+ {[%eval 0,20] [%emt 0:00:21]} 68. Kd3 {
[%eval 2,21] [%emt 0:00:36]} Ba3 {[%eval 0,21] [%emt 0:00:18] (Td2+)} 69. Bb3 {
[%eval 3,20] [%emt 0:00:19] (Rc3)} f6 {[%eval 0,19] [%emt 0:00:17]} 70. Ke4 {
[%eval -1,18] [%emt 0:00:20]} Rh5 {[%eval 13,17] [%emt 0:00:26] (Te2+)} 71. Rf5
{[%eval 1,18] [%emt 0:00:40] (Ac2)} Rh1 {[%eval 0,18] [%emt 0:00:37]} 72. Ra5 {
[%eval 3,18] [%emt 0:00:38]} Bf8 {[%eval 0,18] [%emt 0:01:29]} 73. Ra7+ {
[%eval 20,18] [%emt 0:03:02] (Ta8)} Kg6 {[%eval 20,19] [%emt 0:01:39]} 74. a4 {
[%eval -4,16] [%emt 0:00:27]} f5+ {[%eval 13,16] [%emt 0:00:40]} 75. Kd5 {
[%eval -1,18] [%emt 0:00:58] (Re5)} Ra1 {[%eval 0,19] [%emt 0:00:32] (Tc1)} 76.
a5 {[%eval -3,18] [%emt 0:00:27]} f4 {[%eval 0,19] [%emt 0:00:23]} 77. Ke4 {
[%eval -13,18] [%emt 0:00:27] (Ac2+)} Re1+ {[%eval 0,18] [%emt 0:00:19]} 78.
Kf3 {[%eval 0,19] [%emt 0:01:34] (Rxf4)} Kg5 {[%eval 5,19] [%emt 0:02:03] 
(Te3+)} 79. Bd5 {[%eval -13,18] [%emt 0:00:37]} Re3+ {[%eval 3,18] [%emt 0:00:
47]} 80. Kg2 {[%eval 0,19] [%emt 0:00:24]} Re2+ {[%eval 0,19] [%emt 0:01:40] 
(Tg3+)} 81. Kf3 {[%eval 0,20] [%emt 0:01:52] (Rf1)} Re3+ {[%eval 0,20] [%emt 0:
00:22]} 82. Kg2 {[%eval 0,21] [%emt 0:00:17]} Ra3 {[%eval 14,18] [%emt 0:00:11]
} 83. Bf3 {[%eval 0,18] [%emt 0:00:24] (a6)} Bc5 {[%eval 14,20] [%emt 0:00:24]}
84. Ra8 {[%eval 0,20] [%emt 0:00:18]} Bd4 {[%eval 14,20] [%emt 0:00:24]} 85.
Bb7 {[%eval 0,18] [%emt 0:00:36] (Tg8+)} Bc5 {[%eval 0,18] [%emt 0:00:35] 
(Tg3+)} 86. a6 {[%eval -12,17] [%emt 0:00:21]} Kf5 {[%eval 0,19] [%emt 0:00:20]
} 87. Bf3 {[%eval 0,18] [%emt 0:00:20] (Tc8)} Ra2+ {[%eval 0,19] [%emt 0:00:12]
} 88. Kh3 {[%eval 0,21] [%emt 0:00:18]} Ra3 {[%eval 0,21] [%emt 0:00:14]}
1/2-1/2

[Event "Reto (ZappaMexico, 90'+10\"/100+30') "]
[Site "?"]
[Date "2009.12.31"]
[Round "?"]
[White "Diaz, Sergio"]
[Black "Cabrera, Marcelo Dario"]
[Result "1/2-1/2"]
[WhiteElo "2472"]
[BlackElo "2267"]
[PlyCount "98"]

1. e4 c5 2. Nf3 e6 3. d4 cxd4 4. Nxd4 a6 5. Bd3 Nf6 6. O-O Qc7 7. Qe2 d6 8. c4
Be7 9. Nc3 Nc6 10. Nxc6 bxc6 11. f4 Nd7 12. Be3 Rb8 13. Rad1 O-O 14. Rf3 g6 15.
g4 Bf6 16. Qd2 Bb7 17. g5 Bg7 18. Bf1 d5 19. Rf2 Rfe8 20. cxd5 cxd5 21. exd5
exd5 22. Nxd5 Bxd5 23. Qxd5 Rxe3 24. Qxd7 Qc5 25. Kg2 {[%eval 25,14] [%emt 0:
06:11]} Bxb2 {[%eval 29,14] [%emt 0:05:01]} 26. f5 {[%eval 33,14] [%emt 0:05:
29]} Bg7 {[%eval 31,14] [%emt 0:05:28]} 27. Bxa6 {[%eval 25,14] [%emt 0:04:40]}
Ra3 {[%eval 35,14] [%emt 0:07:54]} 28. Bf1 {[%eval 35,14] [%emt 0:07:16] (Dd6)}
Rh3 {[%eval 31,14] [%emt 0:02:03]} 29. Rdd2 {[%eval 38,14] [%emt 0:03:18]} Rh5
{[%eval 26,14] [%emt 0:02:08]} 30. Kh1 {[%eval 34,15] [%emt 0:04:48]} Rxg5 {
[%eval 34,15] [%emt 0:01:48]} 31. fxg6 {[%eval 34,15] [%emt 0:00:00]} Rxg6 {
[%eval 38,15] [%emt 0:05:57] (fxg6)} 32. Qxf7+ {[%eval 40,15] [%emt 0:01:26]}
Kh8 {[%eval 40,15] [%emt 0:00:00]} 33. Rd5 {[%eval 33,15] [%emt 0:02:03]} Qc6 {
[%eval 38,15] [%emt 0:01:18]} 34. Bd3 {[%eval 26,15] [%emt 0:02:27]} Rg5 {
[%eval 25,15] [%emt 0:01:39]} 35. Rff5 {[%eval 25,15] [%emt 0:00:00]} Rxf5 {
[%eval 31,15] [%emt 0:01:41]} 36. Qxf5 {[%eval 31,15] [%emt 0:00:00]} Qc1+ {
[%eval 31,15] [%emt 0:03:14]} 37. Qf1 {[%eval 31,14] [%emt 0:00:00]} Qc3 {
[%eval 23,15] [%emt 0:04:25] (Db2)} 38. Be4 {[%eval 29,15] [%emt 0:01:18]} Qe3
{[%eval 22,15] [%emt 0:01:04]} 39. Bg2 {[%eval 31,15] [%emt 0:01:17]} Be5 {
[%eval 29,16] [%emt 0:02:52]} 40. a4 {[%eval 25,15] [%emt 0:01:10]} Rc8 {
[%eval 29,15] [%emt 0:01:53] (Df4)} 41. Rd1 {[%eval 33,15] [%emt 0:01:13]} Qg5
{[%eval 33,15] [%emt 0:01:45]} 42. Bd5 {[%eval 33,15] [%emt 0:01:53]} Qf4 {
[%eval 33,15] [%emt 0:01:57]} 43. Qxf4 {[%eval 34,15] [%emt 0:01:00]} Bxf4 {
[%eval 34,15] [%emt 0:00:00]} 44. Rf1 {[%eval 31,15] [%emt 0:01:10]} Rc1 {
[%eval 29,16] [%emt 0:01:04]} 45. Rxc1 {[%eval 29,19] [%emt 0:01:09]} Bxc1 {
[%eval 29,19] [%emt 0:00:00]} 46. a5 {[%eval 26,20] [%emt 0:01:22]} Kg7 {
[%eval 24,20] [%emt 0:01:13]} 47. Kg2 {[%eval 23,20] [%emt 0:00:56]} Bf4 {
[%eval 23,20] [%emt 0:00:53]} 48. Be4 {[%eval 23,20] [%emt 0:01:11]} h6 {
[%eval 22,20] [%emt 0:00:55]} 49. h4 {[%eval 21,20] [%emt 0:01:25]} Kf6 {
[%eval 19,21] [%emt 0:01:14]} 1/2-1/2

[Event "Reto (Fruit23, 90'+10\"/100+30') "]
[Site "?"]
[Date "2009.12.31"]
[Round "?"]
[White "Diaz, Sergio"]
[Black "Cabrera, Marcelo Dario"]
[Result "1/2-1/2"]
[WhiteElo "2472"]
[BlackElo "2267"]
[PlyCount "100"]

1. e4 c5 2. Nf3 e6 3. d4 cxd4 4. Nxd4 a6 5. Bd3 Nf6 6. O-O Qc7 7. Qe2 d6 8. c4
Be7 9. Nc3 Nc6 10. Nxc6 bxc6 11. f4 Nd7 12. Be3 Rb8 13. Rad1 O-O 14. Rf3 g6 15.
g4 Bf6 16. Qd2 Bb7 17. g5 Bg7 18. Bf1 d5 19. Rf2 Rfe8 20. cxd5 cxd5 21. exd5
exd5 22. Nxd5 Bxd5 23. Qxd5 Rxe3 24. Qxd7 Qc5 25. Kg2 {[%eval 42,17] [%emt 0:
03:09]} Bxb2 {[%eval 24,18] [%emt 0:03:46]} 26. Bxa6 {[%eval 41,18] [%emt 0:03:
39]} Re6 {[%eval 36,17] [%emt 0:02:07]} 27. Bb7 {[%eval 35,17] [%emt 0:03:05]}
Re7 {[%eval 39,18] [%emt 0:03:03]} 28. Qd5 {[%eval 41,19] [%emt 0:03:46]} Ba3 {
[%eval 38,19] [%emt 0:03:45]} 29. Bc6 {[%eval 40,19] [%emt 0:03:17]} Rc8 {
[%eval 37,19] [%emt 0:03:19]} 30. Ba4 {[%eval 48,17] [%emt 0:03:10] (Ab5)} Qb4
{[%eval 52,16] [%emt 0:02:20] (Da7)} 31. Bb5 {[%eval 49,17] [%emt 0:03:03] 
(Ab3)} Re4 {[%eval 28,17] [%emt 0:03:16] (Rg7)} 32. Ba6 {[%eval 31,17] [%emt 0:
02:40]} Rb8 {[%eval 29,18] [%emt 0:02:41]} 33. Kh1 {[%eval 34,18] [%emt 0:03:
19]} Rbe8 {[%eval 27,17] [%emt 0:01:27] (De7)} 34. f5 {[%eval 20,17] [%emt 0:
02:18]} Re1+ {[%eval 34,18] [%emt 0:03:00]} 35. Bf1 {[%eval 33,19] [%emt 0:02:
38]} Qc5 {[%eval 27,18] [%emt 0:01:25] (Txd1)} 36. Rf3 {[%eval 24,19] [%emt 0:
03:22]} Qxd5 {[%eval 26,19] [%emt 0:01:38]} 37. Rxd5 {[%eval 21,19] [%emt 0:01:
08]} R8e2 {[%eval 21,20] [%emt 0:02:38]} 38. Kg1 {[%eval 18,19] [%emt 0:01:22]
(Td8+)} Bf8 {[%eval 19,20] [%emt 0:02:56]} 39. Rf2 {[%eval 23,20] [%emt 0:06:
00]} Re5 {[%eval 22,20] [%emt 0:01:29]} 40. Rfd2 {[%eval 18,20] [%emt 0:02:40]}
gxf5 {[%eval 18,20] [%emt 0:02:23]} 41. a4 {[%eval 20,19] [%emt 0:01:43]} R5e4
{[%eval 16,19] [%emt 0:02:42]} 42. Rxf5 {[%eval 16,19] [%emt 0:01:58]} Rxa4 {
[%eval 14,19] [%emt 0:02:13]} 43. Kf2 {[%eval 13,17] [%emt 0:02:16] (Rg2)} Rc1
{[%eval 13,17] [%emt 0:01:36]} 44. Kg2 {[%eval 9,17] [%emt 0:06:08] (Td7)} Rc7
{[%eval 9,17] [%emt 0:01:03]} 45. h3 {[%eval 5,17] [%emt 0:03:50] (Ab5)} Kg7 {
[%eval 4,18] [%emt 0:01:36]} 46. Bb5 {[%eval 4,18] [%emt 0:01:36]} Rb4 {
[%eval 4,19] [%emt 0:01:59]} 47. Ba6 {[%eval 3,17] [%emt 0:00:45] (Ae2)} Ra4 {
[%eval 4,18] [%emt 0:02:13]} 48. Bf1 {[%eval 4,18] [%emt 0:00:54]} Ra3 {
[%eval 0,17] [%emt 0:01:27] (Ae7)} 49. Be2 {[%eval 0,18] [%emt 0:02:20] (Tfd5)}
Bb4 {[%eval 0,18] [%emt 0:01:51]} 50. Rd3 {[%eval 0,19] [%emt 0:01:28]} Rxd3 {
[%eval 0,20] [%emt 0:01:20]} 1/2-1/2

[Event "Reto (Rybka232mp32-bit, 90'+10\"/100+30'"]
[Site "?"]
[Date "2009.12.31"]
[Round "?"]
[White "Diaz, Sergio"]
[Black "Cabrera, Marcelo Dario"]
[Result "1/2-1/2"]
[WhiteElo "2472"]
[BlackElo "2267"]
[PlyCount "84"]

1. e4 c5 2. Nf3 e6 3. d4 cxd4 4. Nxd4 a6 5. Bd3 Nf6 6. O-O Qc7 7. Qe2 d6 8. c4
Be7 9. Nc3 Nc6 10. Nxc6 bxc6 11. f4 Nd7 12. Be3 Rb8 13. Rad1 O-O 14. Rf3 g6 15.
g4 Bf6 16. Qd2 Bb7 17. g5 Bg7 18. Bf1 d5 19. Rf2 Rfe8 20. cxd5 cxd5 21. exd5
exd5 22. Nxd5 Bxd5 23. Qxd5 Rxe3 24. Qxd7 Qc5 25. Rd5 {[%eval 36,16] [%emt 0:
03:11]} Re7 {[%eval 29,17] [%emt 0:04:18] (Db6)} 26. Rxc5 {[%eval 24,20] [%emt
0:02:21]} Rxd7 {[%eval 22,19] [%emt 0:00:00]} 27. Kg2 {[%eval 27,19] [%emt 0:
00:56]} Bd4 {[%eval 23,20] [%emt 0:01:21]} 28. Rd2 {[%eval 25,20] [%emt 0:00:
40]} Bxc5 {[%eval 18,20] [%emt 0:00:42]} 29. Rxd7 {[%eval 17,19] [%emt 0:00:00]
} Rxb2+ {[%eval 19,19] [%emt 0:00:49]} 30. Kg3 {[%eval 20,20] [%emt 0:01:01]}
Rb4 {[%eval 19,20] [%emt 0:01:26]} 31. Bxa6 {[%eval 17,20] [%emt 0:01:17]} Be3
{[%eval 12,20] [%emt 0:00:49]} 32. Kf3 {[%eval 13,20] [%emt 0:01:03]} Bc1 {
[%eval 13,20] [%emt 0:00:38]} 33. Bb7 {[%eval 12,20] [%emt 0:01:06]} Rxf4+ {
[%eval 11,20] [%emt 0:00:40]} 34. Kg3 {[%eval 11,21] [%emt 0:01:01]} Rf5 {
[%eval 2,21] [%emt 0:04:16]} 35. h4 {[%eval 1,21] [%emt 0:03:53]} Kf8 {[%eval
1,21] [%emt 0:02:37]} 36. Be4 {[%eval 1,21] [%emt 0:03:57]} Rc5 {[%eval 1,21] 
[%emt 0:03:20]} 37. a4 {[%eval 1,21] [%emt 0:04:01]} h6 {[%eval 2,21] [%emt 0:
06:55]} 38. gxh6 {[%eval 2,21] [%emt 0:02:58]} Bxh6 {[%eval 2,21] [%emt 0:00:
38]} 39. Kf3 {[%eval 0,21] [%emt 0:15:33]} f5 {[%eval 0,22] [%emt 0:04:15]} 40.
Bd3 {[%eval 2,20] [%emt 0:01:12] (Ad5)} Bd2 {[%eval 0,21] [%emt 0:02:45]} 41.
Bb1 {[%eval 0,20] [%emt 0:01:31] (Rf2)} Be1 {[%eval 0,20] [%emt 0:01:10]} 42.
h5 {[%eval 0,20] [%emt 0:01:05]} gxh5 {[%eval 0,20] [%emt 0:00:44]} 1/2-1/2

[Event "Reto (Rybka31-cpu32-bit, (90m+30s)/100+"]
[Site "?"]
[Date "2009.12.31"]
[Round "?"]
[White "Diaz, Sergio"]
[Black "Cabrera, Marcelo Dario"]
[Result "1/2-1/2"]
[WhiteElo "2472"]
[BlackElo "2267"]
[PlyCount "88"]

1. e4 c5 2. Nf3 e6 3. d4 cxd4 4. Nxd4 a6 5. Bd3 Nf6 6. O-O Qc7 7. Qe2 d6 8. c4
Be7 9. Nc3 Nc6 10. Nxc6 bxc6 11. f4 Nd7 12. Be3 Rb8 13. Rad1 O-O 14. Rf3 g6 15.
g4 Bf6 16. Qd2 Bb7 17. g5 Bg7 18. Bf1 d5 19. Rf2 Rfe8 20. cxd5 cxd5 21. exd5
exd5 22. Nxd5 Bxd5 23. Qxd5 Rxe3 24. Qxd7 Qc5 25. Kg2 Bxb2 26. Bxa6 {[%eval 36,
15] [%emt 0:07:31]} Ba3 {[%eval 20,15] [%emt 0:03:25]} 27. Rd5 {[%eval 35,15] 
[%emt 0:03:35] (Dd5)} Qc1 {[%eval 15,15] [%emt 0:01:54]} 28. Rdd2 {[%eval 29,
16] [%emt 0:07:54]} Be7 {[%eval 11,16] [%emt 0:03:27]} 29. Rc2 {[%eval 31,16] 
[%emt 0:07:12]} Qa3 {[%eval 31,17] [%emt 0:03:45]} 30. Bc4 {[%eval 30,17] 
[%emt 0:14:36]} Rd8 {[%eval 30,17] [%emt 0:02:32]} 31. Qb7 {[%eval 28,18] 
[%emt 0:15:33]} Qd6 {[%eval 14,18] [%emt 0:15:01]} 32. Rf3 {[%eval 14,17] 
[%emt 0:15:53]} Qd1 {[%eval 14,17] [%emt 0:16:56] (Txf3)} 33. Rcf2 {[%eval 23,
17] [%emt 0:07:19] (Txe3)} Rxf3 {[%eval 20,17] [%emt 0:05:03]} 34. Qxf3 {
[%eval 20,18] [%emt 0:03:38]} Qd4 {[%eval 10,18] [%emt 0:13:39]} 35. Bb3 {
[%eval 10,17] [%emt 0:07:47]} Bc5 {[%eval 11,17] [%emt 0:01:45]} 36. Re2 {
[%eval 11,17] [%emt 0:00:55]} h5 {[%eval 11,16] [%emt 0:01:42]} 37. gxh6 {
[%eval 11,16] [%emt 0:01:34]} Kh7 {[%eval 11,15] [%emt 0:01:58]} 38. Bxf7 {
[%eval 11,15] [%emt 0:02:19]} Rf8 {[%eval 9,16] [%emt 0:06:05]} 39. Bxg6+ {
[%eval 9,15] [%emt 0:04:23]} Kxg6 {[%eval 9,14] [%emt 0:00:01]} 40. Re6+ {
[%eval 10,15] [%emt 0:00:48]} Kh7 {[%eval 10,17] [%emt 0:03:35]} 41. Qe4+ {
[%eval 10,16] [%emt 0:00:36]} Qxe4+ {[%eval 1,17] [%emt 0:04:23]} 42. Rxe4 {
[%eval 1,16] [%emt 0:00:01]} Kxh6 {[%eval 0,18] [%emt 0:01:18]} 43. a4 {
[%eval 0,18] [%emt 0:00:50]} Ra8 {[%eval 0,19] [%emt 0:00:54]} 44. h3 {[%eval
0,19] [%emt 0:00:52] (Rf3)} Kh5 {[%eval 0,20] [%emt 0:01:07]} 1/2-1/2

[Event "Reto (Rybka4w32, (90m+30s)/100+(15m+30s"]
[Site "?"]
[Date "2009.12.31"]
[Round "?"]
[White "Diaz, Sergio"]
[Black "Cabrera, Marcelo Dario"]
[Result "1/2-1/2"]
[WhiteElo "2472"]
[BlackElo "2267"]
[PlyCount "67"]

1. e4 c5 2. Nf3 e6 3. d4 cxd4 4. Nxd4 a6 5. Bd3 Nf6 6. O-O Qc7 7. Qe2 d6 8. c4
Be7 9. Nc3 Nc6 10. Nxc6 bxc6 11. f4 Nd7 12. Be3 Rb8 13. Rad1 O-O 14. Rf3 g6 15.
g4 Bf6 16. Qd2 Bb7 17. g5 Bg7 18. Bf1 d5 19. Rf2 Rfe8 20. cxd5 cxd5 21. exd5
exd5 22. Nxd5 Bxd5 23. Qxd5 Rxe3 24. Qxd7 Qc5 25. Kg2 Bxb2 26. Bxa6 {[%eval 31,
16] [%emt 0:03:25]} Ba3 {[%eval 43,16] [%emt 0:05:56]} 27. Rd5 {[%eval 35,17] 
[%emt 0:07:01] (Dd5)} Qc1 {[%eval 30,17] [%emt 0:04:13]} 28. Rdd2 {[%eval 26,
18] [%emt 0:08:04]} Rb1 {[%eval 26,18] [%emt 0:05:41]} 29. Qc8+ {[%eval 26,18]
[%emt 0:07:08]} Qxc8 {[%eval 20,19] [%emt 0:04:39]} 30. Bxc8 {[%eval 20,20] 
[%emt 0:06:42]} Re4 {[%eval 20,20] [%emt 0:07:02]} 31. Rfe2 {[%eval 23,19] 
[%emt 0:04:16] (h3)} Rc4 {[%eval 11,20] [%emt 0:06:36]} 32. Bh3 {[%eval 0,19] 
[%emt 0:10:38]} h6 {[%eval 0,19] [%emt 0:02:31]} 33. gxh6 {[%eval 0,19] [%emt
0:03:23]} Rxf4 {[%eval 0,20] [%emt 0:03:00]} 34. Kg3 {[%eval 0,20] [%emt 0:06:
55]} 1/2-1/2

[Event "Reto (Fritz1, 90'+30\"/100+15'+30\") "]
[Site "?"]
[Date "2009.12.31"]
[Round "?"]
[White "Diaz, Sergio"]
[Black "Cabrera, Marcelo Dario"]
[Result "1/2-1/2"]
[WhiteElo "2472"]
[BlackElo "2267"]
[PlyCount "89"]

1. e4 c5 2. Nf3 e6 3. d4 cxd4 4. Nxd4 a6 5. Bd3 Nf6 6. O-O Qc7 7. Qe2 d6 8. c4
Be7 9. Nc3 Nc6 10. Nxc6 bxc6 11. f4 Nd7 12. Be3 Rb8 13. Rad1 O-O 14. Rf3 g6 15.
g4 Bf6 16. Qd2 Bb7 17. g5 Bg7 18. Bf1 d5 19. Rf2 Rfe8 20. cxd5 cxd5 21. exd5
exd5 22. Nxd5 Bxd5 23. Qxd5 Rxe3 24. Qxd7 Qc5 25. Kg2 Bxb2 26. Bxa6 {[%eval 82,
17] [%emt 0:08:41]} Bc3 {[%eval 81,17] [%emt 0:12:30]} 27. Qd5 {[%eval 75,17] 
[%emt 0:04:45]} Qxd5+ {[%eval 72,19] [%emt 0:11:54]} 28. Rxd5 {[%eval 72,19] 
[%emt 0:03:10]} Rb4 {[%eval 68,19] [%emt 0:07:51]} 29. Rd7 {[%eval 60,19] 
[%emt 0:21:36] (Tb5)} Ree4 {[%eval 64,18] [%emt 0:12:10]} 30. Rf3 {[%eval 70,
17] [%emt 0:03:57]} Be1 {[%eval 55,17] [%emt 0:03:47] (Tb2+)} 31. Rf1 {[%eval
45,17] [%emt 0:04:10] (a3)} Bh4 {[%eval 41,17] [%emt 0:05:17]} 32. a3 {[%eval
40,19] [%emt 0:06:25]} Ra4 {[%eval 25,19] [%emt 0:10:32] (Tb2+)} 33. Bb5 {
[%eval 20,19] [%emt 0:06:33]} Rxa3 {[%eval 23,19] [%emt 0:05:02]} 34. Rc7 {
[%eval 20,19] [%emt 0:09:26]} Rae3 {[%eval 19,19] [%emt 0:08:19]} 35. Rf3 {
[%eval 19,19] [%emt 0:03:59]} h6 {[%eval 16,18] [%emt 0:03:45] (Te7)} 36. gxh6
{[%eval 16,18] [%emt 0:05:03]} Rxf3 {[%eval 12,19] [%emt 0:04:12]} 37. Kxf3 {
[%eval 13,19] [%emt 0:01:03]} Re7 {[%eval 10,19] [%emt 0:02:11]} 38. Rc6 {
[%eval 6,19] [%emt 0:04:08]} Re6 {[%eval 4,19] [%emt 0:04:04] (Rh7)} 39. Rc8+ {
[%eval 2,19] [%emt 0:04:46]} Kh7 {[%eval 1,20] [%emt 0:03:27]} 40. Bc4 {
[%eval 1,20] [%emt 0:08:02] (f5)} Rf6 {[%eval 1,20] [%emt 0:04:44]} 41. Kg4 {
[%eval 1,19] [%emt 0:01:02]} Be1 {[%eval 2,19] [%emt 0:02:13]} 42. Rd8 {
[%eval 2,19] [%emt 0:02:30] (Tf8)} Kxh6 {[%eval 2,19] [%emt 0:01:25]} 43. Rd7 {
[%eval 0,19] [%emt 0:03:44]} Kg7 {[%eval 0,19] [%emt 0:01:28]} 44. Bd3 {
[%eval 0,19] [%emt 0:01:46] (Ad5)} Bb4 {[%eval 0,19] [%emt 0:00:51]} 45. f5 {
[%eval 0,19] [%emt 0:00:59]} 1/2-1/2

[Event "Reto (Fritz11, 90'+30\"/100+15'+30\") "]
[Site "?"]
[Date "2009.12.31"]
[Round "?"]
[White "Diaz, Sergio"]
[Black "Cabrera, Marcelo Dario"]
[Result "1/2-1/2"]
[WhiteElo "2472"]
[BlackElo "2267"]
[PlyCount "85"]

1. e4 c5 2. Nf3 e6 3. d4 cxd4 4. Nxd4 a6 5. Bd3 Nf6 6. O-O Qc7 7. Qe2 d6 8. c4
Be7 9. Nc3 Nc6 10. Nxc6 bxc6 11. f4 Nd7 12. Be3 Rb8 13. Rad1 O-O 14. Rf3 g6 15.
g4 Bf6 16. Qd2 Bb7 17. g5 Bg7 18. Bf1 d5 19. Rf2 Rfe8 20. cxd5 cxd5 21. exd5
exd5 22. Nxd5 Bxd5 23. Qxd5 Rxe3 24. Qxd7 Qc5 25. Kg2 Bxb2 26. Bxa6 {[%eval 40,
17] [%emt 0:01:52]} Bc3 {[%eval 38,17] [%emt 0:03:17] (Aa3)} 27. Rd5 {[%eval
39,18] [%emt 0:01:34]} Qb4 {[%eval 34,19] [%emt 0:02:51]} 28. Bd3 {[%eval 28,
19] [%emt 0:04:32]} Kg7 {[%eval 26,19] [%emt 0:04:39]} 29. Qa7 {[%eval 29,19] 
[%emt 0:03:25]} Re7 {[%eval 21,19] [%emt 0:01:25]} 30. Qa6 {[%eval 28,19] 
[%emt 0:01:51]} Re4 {[%eval 31,19] [%emt 0:03:52] (Tb6)} 31. Qd6 {[%eval 23,18]
[%emt 0:02:27] (a3)} Rd4 {[%eval 21,20] [%emt 0:01:36]} 32. Rxd4 {[%eval 20,21]
[%emt 0:01:51]} Bxd4 {[%eval 19,21] [%emt 0:00:11]} 33. Qxb4 {[%eval 17,22] 
[%emt 0:01:23]} Rxb4 {[%eval 15,20] [%emt 0:00:13]} 34. Re2 {[%eval 13,23] 
[%emt 0:02:48]} Bc5 {[%eval 12,23] [%emt 0:01:27]} 35. Kf3 {[%eval 13,23] 
[%emt 0:04:40]} Rd4 {[%eval 12,23] [%emt 0:02:54]} 36. Bb5 {[%eval 12,23] 
[%emt 0:02:35]} h6 {[%eval 12,23] [%emt 0:03:41]} 37. h4 {[%eval 13,23] [%emt
0:02:52]} Bd6 {[%eval 12,23] [%emt 0:04:12] (Ab4)} 38. Re4 {[%eval 13,24] 
[%emt 0:02:12]} Rxe4 {[%eval 12,25] [%emt 0:02:38]} 39. Kxe4 {[%eval 13,26] 
[%emt 0:00:40]} Ba3 {[%eval 12,27] [%emt 0:01:43]} 40. Bc4 {[%eval 13,27] 
[%emt 0:01:29] (Ad3)} hxg5 {[%eval 12,28] [%emt 0:01:33] (f5+)} 41. hxg5 {
[%eval 13,31] [%emt 0:02:04]} f5+ {[%eval 12,32] [%emt 0:00:53]} 42. Kf3 {
[%eval 13,36] [%emt 0:01:35]} Kf8 {[%eval 12,36] [%emt 0:01:51]} 43. Bd5 {
[%eval 13,37] [%emt 0:01:30]} 1/2-1/2